000 00582nam a2200181 a 4500
001 000029157
005 20200930055350.0
008 110413s1984 dr 000 0 spa d
040 _aDO-SdBNP
_bspa
_cBNPHU
082 _axxx
_bP349a
100 1 _aPérez Reyes, Hector
_926805
245 1 0 _aActualidad de Manuel Arturo Peña Batlle /
_cHector Pérez Reyes ; prólogo Fidias F. Aristy.
260 _a[s.n] :
_bEdiciones Ateneo Dominicano,
_c[1984?].
300 _a52 p. ;
_c21 cm.
504 _aBibliografía : p. [56]
700 1 _aAristy, Fidias F.
_epról.
_956068
049 _aBNPD
999 _c28649
_d28649